Song Lyrics: Rammstein - Mein Teil - Statistics

General Stats
  • This quiz has been taken 403 times
    402 since last reset
  • The average score is 135 of 175
Answer Stats
Words % Correct
mein
100%
Mein
100%
Teil.
100%
Teil
100%
isst,
99%
isst.
99%
ist.
99%
ist
99%
Ist
99%
du
96%
es
94%
Es
94%
und
94%
Und
94%
was
94%
bist,
93%
Da,
93%
da
93%
ich
92%
Ich
92%
ein
91%
Ein
91%
Nein!
91%
Der
89%
der
89%
ihr
89%
Denn
88%
das
85%
wisst,
85%
einen
84%
gern.
82%
Heute
82%
mich
82%
treff'
82%
auf
79%
Auf
79%
gut
79%
Herrn,
79%
hat
78%
zum
78%
Fressen
77%
Harte
77%
stehen
75%
so
73%
Speisekarte.
73%
Teile
72%
Ja
71%
Muss
71%
muss
71%
auch
69%
mir
67%
Weiche
65%
Kultur
64%
Porzellan
64%
schön
63%
sein.
62%
serviert.
62%
Die
61%
esse
61%
schlecht.
61%
doch
60%
mit
60%
Wein
58%
etwas
57%
kämpfen,
57%
weiter
56%
guter
55%
stark
55%
unter
55%
blute
54%
krämpfen.
54%
gewürzt
53%
flambiert,
52%
liebevoll
52%
Dazu
51%
recht,
51%
Klinge
50%
Himmel
47%
Ohnmacht
47%
lass
46%
stumpfe
46%
wird
44%
Zeit,
44%
Schrei
42%
fahren,
41%
Kerzenschein.
41%
meine
36%
sich
36%
zarter
33%
Schneidet
31%
Kindheit
29%
Vom
29%
durch
28%
Gekreisch.
28%
fällt
27%
Federfleisch,
27%
Yes,
27%
Wolkendach
26%
it's
25%
Engelsscharen,
24%
No matching quizzes found
Score Distribution
Percent of People with Each Score
Percentile by Number Answered
Your Score History
You have not taken this quiz since the last reset